Compilers : principles, techniques and tools (Record no. 184891)

MARC details
000 -LEADER
fixed length control field 00518nam a2200169Ia 4500
005 - DATE AND TIME OF LATEST TRANSACTION
control field 20250320093946.0
008 - FIXED-LENGTH DATA ELEMENTS--GENERAL INFORMATION
fixed length control field 231217s9999 xx 000 0 und d
020 ## - INTERNATIONAL STANDARD BOOK NUMBER
International Standard Book Number 9788131721018
082 ## - DEWEY DECIMAL CLASSIFICATION NUMBER
Classification number 001.6425 AHO;57
100 ## - MAIN ENTRY--PERSONAL NAME
Personal name Aho, Alfred V. Lam, Monica, S. Ullman, Sethi, Ravi. Jeffrey D.
245 #0 - TITLE STATEMENT
Title Compilers : principles, techniques and tools
250 ## - EDITION STATEMENT
Edition statement 2nd ed.
260 ## - PUBLICATION, DISTRIBUTION, ETC. (IMPRINT)
Date of publication, distribution, etc. 2007
Name of publisher, distributor, etc. Pearson Education
Place of publication, distribution, etc. New Delhi
300 ## - PHYSICAL DESCRIPTION
Extent xxiv, 1009
650 ## - SUBJECT ADDED ENTRY--TOPICAL TERM
Topical term or geographic name as entry element Compilers,principles,,techniques,tools
942 ## - ADDED ENTRY ELEMENTS (KOHA)
Koha item type Books
Holdings
Date last seen Total Checkouts Full call number Accession number Old discount Uniform Resource Identifier Cost, replacement price Price effective from Category Lost status Damaged status Department Withdrawn status bill no. bill date Permanent Location Current Location Shelving location Entry date Vendor Cost, normal purchase price Grants Currency symbol Conversion rate Discount Discount type
26/01/2024   001.6425 AHO;57 57693 25 digital/contents/53930.pdf 412.50 26/01/2024 Books     CS   11 22/10/2013 Central Library Central Library CS 23/12/2009 Sapna Book House 550.00 CS RS 1 137.5 Rupees

© For any Suggestions or Query, please contact the library staff @ librarian@pes.edu or Phone: +9180 2672 1983/ 2108.